[Event "Hallstahammar op"]
[Site "Hallstahammar"]
[Date "2004.09.11"]
[Round "5"]
[White "Nyberg, Bo"]
[Black "Alexan, Wahik"]
[Result "1-0"]
[WhiteElo "1903"]
[BlackElo "1560"]
[PlyCount "89"]
[EventDate "2004.09.10"]
[EventType "swiss"]
[EventRounds "8"]
[EventCountry "SWE"]
[SourceTitle "EXT 2005"]
[Source "ChessBase"]
[SourceDate "2004.11.15"]
[SourceVersion "1"]
[SourceVersionDate "2004.11.15"]
[SourceQuality "1"]

1. d4 Nf6 2. Nf3 e6 3. Bg5 Be7 4. e3 0-0 5. Bd3 c6 6. c3 h6 7. Bh4 d5 8. Ne5 Nbd7 9. f4 Ne4 10. Bxe7 Qxe7 11. Bxe4 dxe4 12. Nd2 Nxe5 13. fxe5 Qg5 14. Qe2 Qg6 15. g4 f5 16. gxf5 exf5 17. 0-0-0 Qf7 18. b3 b5 19. Rdf1 Qe6 20. Rhg1 Bd7 21. h4 a5 22. Qg2 Rf7 23. Qg6 a4 24. Qxe6 Bxe6 25. Rg6 Re8 26. Kb2 axb3 27. axb3 Kh7 28. Rfg1 Rd7 29. h5 Rde7 30. c4 Rg8 31. Kc3 Rb8 32. Ra1 Bf7 33. Rxc6 Bxh5 34. e6 b4+ 35. Kb2 g5 36. d5 Be8 37. Rca6 Rbb7 38. c5 Bb5 39. Rb6 g4 40. Rxb7 Rxb7 41. Nc4 g3 42. Nd6 g2 43. Rg1 Rb8 44. Nxb5 Rxb5 45. e7 1-0